Do you know your heroes? Quiz Stats

 Plays Quiz not verified by Sporcle

Score 0/10 Timer 05:00
0 Plays Today
Question Answer Wrong Answers
Who can run at the speed of light? The Flash
100%
Captain America
0%
Thanos
0%
Batman
0%
What is Superman's weakness? kryptonite
96.8%
water
0%
bark
0%
diamonds
0%
Who leads the Justice League? Superman
93.5%
Superboy
3.2%
Speedy
0%
Beast Boy
0%
Who is the God of Thunder in Marvel? Thor
93.5%
Zeus
3.2%
Ares
0%
Athena
0%
Who got their power through science? Spiderman
90.3%
Thor
0%
Superman
0%
Batman
6.5%
Who is the Winter Soldier? Bucky Barnes
87.1%
Mary Parker
0%
Miguel O'Hara
0%
Steve Rogers
9.7%
What was Spiderman's most common weakness? family/friends
83.9%
water
0%
fire
0%
venom
12.9%
What is corp that is the power of will? Green
77.4%
Red
3.2%
White
9.7%
Purple
6.5%
When did 'Ironman' the movie come out? 2008
74.2%
2004
19.4%
1999
3.2%
2013
0%
Who is the 8th smartest person in the Marvel Universe? T'Challa
38.7%
Tony Stark
22.6%
Reed Richards
19.4%
Peter Parker
16.1%

You're not logged in!

Compare scores with friends on all Sporcle quizzes.
OR
Log In

Sporcle TV

Today on Sporcle TV


Watch our educational content, quiz creation guides, and fun videos on Sporcle TV.

Show Comments

Extras

Created Sep 5, 2017ReportNominate
Tags:here, heroic, mind

Top Quizzes Today


Score Distribution

Your Account Isn't Verified!

In order to create a playlist on Sporcle, you need to verify the email address you used during registration. Go to your Sporcle Settings to finish the process.

Report this User

Report this user for behavior that violates our Community Guidelines.

Details: